000 00389nam a2200169Ia 4500
001 18240
003 IN-NITTTR
005 20251114233213.0
008 251113s9999||||xx |||||||||||||| ||eng||
040 _beng
040 _cIN-NITTTR
041 _aeng
082 _a891.43308 C392A H
100 _aChaturvedi, Gopal
245 0 _aAfasar ki maut. /
_cChaturvedi, Gopal
942 _2ddc
_cBK
999 _c20874
_d20874